Central Library OPAC University of Rajshahi

Constitutional and administrative law / (Record no. 45735)

MARC details
000 -LEADER
fixed length control field 00750nam a2200253 a 4500
001 - CONTROL NUMBER
control field 45735
003 - CONTROL NUMBER IDENTIFIER
rucl marc code BD-RjUL
005 - DATE AND TIME OF LATEST TRANSACTION
control field 20211209054048.0
008 - FIXED-LENGTH DATA ELEMENTS--GENERAL INFORMATION
fixed length control field 270716s19711931enk 001 0 eng d
020 ## - INTERNATIONAL STANDARD BOOK NUMBER
International Standard Book Number 0582488230 pbk.)
035 ## - SYSTEM CONTROL NUMBER
System control number (BD-RjUL)45853
040 ## - CATALOGING SOURCE
Original cataloging agency BDS
Modifying agency BD-RjUL
Language of cataloging eng
Transcribing agency BD-RjUL
041 ## - LANGUAGE CODE
Language code of text/sound track or separate title eng
082 0# - DEWEY DECIMAL CLASSIFICATION NUMBER
Classification number 342.42
Edition number 21
Author mark and year WAC 1971
100 1# - MAIN ENTRY--PERSONAL NAME
Personal name Wade, E.C.S.
9 (RLIN) 139912
245 10 - TITLE STATEMENT
Title Constitutional and administrative law /
Statement of responsibility, etc. E.C.S. Wade, A.W. Bradley,
250 ## - EDITION STATEMENT
Edition statement 8th ed.
260 ## - PUBLICATION, DISTRIBUTION, ETC. (IMPRINT)
Place of publication, distribution, etc. Harlow :
Name of publisher, distributor, etc. Longman,
Date of publication, distribution, etc. 1971
300 ## - PHYSICAL DESCRIPTION
Pagination xxi, 767 p. ;
Size 25 cm.
504 ## - BIBLIOGRAPHY, ETC. NOTE
Bibliography, etc Includes bibliographical references and index.
650 #0 - SUBJECT ADDED ENTRY--TOPICAL TERM
Topical term or geographic name as entry element Constitutional law
Geographic subdivision Great Britain.
9 (RLIN) 130161
700 1# - ADDED ENTRY--PERSONAL NAME
Personal name Bradley, A. W.
942 ## - ADDED ENTRY ELEMENTS (KOHA)
Source of classification or shelving scheme Dewey Decimal Classification
Koha item type Books
Holdings
Lost status Source of classification or shelving scheme Damaged status Not for loan Collection code Permanent Location Current Location Shelving location Date acquired Cost, normal purchase price Total Checkouts Full call number Date last seen Copy number Koha item type
  Dewey Decimal Classification     Non-fiction Central Library, University of Rajshahi Central Library, University of Rajshahi   04/09/1972 19.80   342.42 WAC 1971 28/07/2016 C-2 Books